Doce observaciones sobre el documento "El ajuste estructural", de la Cámara de Exportadores de Costa Rica, de junio de 1991 /
Salvato in:
| Autore principale: | |
|---|---|
| Natura: | testo |
| Soggetti: | |
| Tags: |
Aggiungi Tag
Nessun Tag, puoi essere il primo ad aggiungerne!!
|
MARC
| LEADER | 00000 a a2200000 04500 | ||
|---|---|---|---|
| 001 | 17361 | ||
| 003 | |||
| 040 | |||
| 100 | |a Lizano Fait, Eduardo | ||
| 245 | |a Doce observaciones sobre el documento "El ajuste estructural", de la Cámara de Exportadores de Costa Rica, de junio de 1991 / |c Eduardo Lizano Fait | ||
| 650 | |a ESTADO | ||
| 650 | |a LIBERALIZACION DEL INTERCAMBIO | ||
| 650 | |a PRODUCCION | ||
| 650 | |a SECTOR PRIVADO | ||
| 650 | |a AJUSTE ESTRUCTURAL | ||
| 650 | |a SECTOR PUBLICO | ||
| 773 | |g número 98; páginas 45-55 | ||
| 999 | |c 40235 |d 40235 | ||
